00337nam a2200133Ia 4500008004100000041000800041082001900049100002100068245002500089250001400114260003900128300002500167365001100192240624s9999 xx 000 0 und d aeng a330.015195 GRE aGREENE WILLIAM H aECONOMETRIC ANALYSIS a(5th ed.) c2008aNew DelhibPearson Education a1026 : p. : cm. ; 24 cRSb36